+ Igualtat + Salut i benestar + Convivència i cicle de vida + Envelliment actiu
Descripción Física:
1 quadríptic : il·lustracions color ; 21 x 15 cm
Materias:
Persones grans -- Atenció domiciliària -- Barcelona (Catalunya : Província)
; Persones grans -- Assistència institucional -- Barcelona (Catalunya : Província)
; Fulletons
Idioma:
Catalán
MARC
| LEADER | 00000nam a22000007a 4500 | ||
|---|---|---|---|
| 001 | 28621 | ||
| 003 | AGDB | ||
| 005 | 20260324181527.0 | ||
| 008 | 241113b spa||||| |||| 00| 0 cat d | ||
| 017 | |a B 8201-2023 | ||
| 040 | |a agdb |b cat | ||
| 110 | |a Barcelona (Catalunya : Província). |b Servei Local de Teleassistència |9 55974 | ||
| 245 | |a + Igualtat + Salut i benestar + Convivència i cicle de vida + Envelliment actiu | ||
| 246 | |a Igualtat, salut i benestar, convivència i cicle de vida, envelliment actiu | ||
| 260 | |a Barcelona : |b Diputació de Barcelona ; |c 2023 | ||
| 300 | |a 1 quadríptic : |b il·lustracions color ; |c 21 x 15 cm | ||
| 650 | 0 | |a Persones grans |x Atenció domiciliària |z Barcelona (Catalunya : Província) |9 50379 | |
| 650 | 0 | |a Persones grans |x Assistència institucional |z Barcelona (Catalunya : Província) |9 50382 | |
| 655 | 0 | |a Fulletons |9 55858 | |
| 710 | |a Barcelona (Catalunya : Província). |b Àrea d'Igualtat i Sostenibilitat Social |9 55833 | ||
| 942 | |2 udc |c ARXIU |n 1 | ||
| 952 | |0 0 |1 0 |4 0 |6 FU7769 |7 1 |9 97533 |a Arxiu |b Arxiu |d 2024-11-13 |l 0 |o FU-77-69 |p 28621 |r 2024-11-13 00:00:00 |w 2024-11-13 |y ARXIU | ||
| 999 | |c 129414 |d 129414 | ||